<?xml version="1.0" encoding="UTF-8"?>
<record
    xmlns:xsi="http://www.w3.org/2001/XMLSchema-instance"
    xsi:schemaLocation="http://www.loc.gov/MARC21/slim http://www.loc.gov/standards/marcxml/schema/MARC21slim.xsd"
    xmlns="http://www.loc.gov/MARC21/slim">

  <leader>02248nam a2200337uu 4500</leader>
  <controlfield tag="001">1471721</controlfield>
  <controlfield tag="005">20260508092157.0</controlfield>
  <controlfield tag="008">170823s2006                        spa  </controlfield>
  <datafield tag="020" ind1=" " ind2=" ">
    <subfield code="a">9788497841320</subfield>
  </datafield>
  <datafield tag="035" ind1=" " ind2=" ">
    <subfield code="a">1471721</subfield>
  </datafield>
  <datafield tag="040" ind1=" " ind2=" ">
    <subfield code="c">comduadb</subfield>
  </datafield>
  <datafield tag="041" ind1=" " ind2=" ">
    <subfield code="a">spa</subfield>
  </datafield>
  <datafield tag="082" ind1=" " ind2="4">
    <subfield code="a">155</subfield>
  </datafield>
  <datafield tag="100" ind1="1" ind2="0">
    <subfield code="a">Aichhorn, August</subfield>
    <subfield code="4">aut</subfield>
    <subfield code="e">aut</subfield>
    <subfield code="9">667369</subfield>
  </datafield>
  <datafield tag="245" ind1="1" ind2="0">
    <subfield code="a">Juventud desamparada</subfield>
  </datafield>
  <datafield tag="260" ind1=" " ind2=" ">
    <subfield code="a">Barcelona :</subfield>
    <subfield code="b">Editorial Gedisa,</subfield>
    <subfield code="c">2006.</subfield>
  </datafield>
  <datafield tag="300" ind1=" " ind2=" ">
    <subfield code="a">191 p&#xE1;ginas</subfield>
  </datafield>
  <datafield tag="490" ind1="0" ind2=" ">
    <subfield code="a">Biblioteca de Educaci&#xF3;n : Pedagog&#xED;a Social y Trabajo Social ;</subfield>
    <subfield code="v">8</subfield>
  </datafield>
  <datafield tag="505" ind1=" " ind2=" ">
    <subfield code="a">CONTENIDO : Introducci&#xF3;n. -- El an&#xE1;lisis de un s&#xED;ntoma. -- Algunas causas de delincuencia. -- Algunas causas de delincuencia (continuaci&#xF3;n). -- Principales causas de delincuencia. -- La transferencia. -- La escuela-reformatorio. -- El grupo agresivo. -- Significado del principio de la realidad en el comportamiento social. -- Significado del Ideal del Yo en el comportamiento social.</subfield>
  </datafield>
  <datafield tag="520" ind1="3" ind2=" ">
    <subfield code="a">RESUMEN: "La obra de August Aichhorn, se convirti&#xF3; en referencia indiscutida sobre el psicoan&#xE1;lisis aplicado a la educaci&#xF3;n. A partir de su trabajo en los Tribunales de Menores de Viena, donde comenz&#xF3; a preocuparse por los problemas de los j&#xF3;venes delincuentes, Aichhorn propone una lectura diferente sobre este tipo de comportamiento, que guarda semejanzas con los s&#xED;ntomas neur&#xF3;ticos. Juventud desamparada fue planteado por su autor como una ayuda para que el educador pudiera reconocer en las manifestaciones sintom&#xE1;ticas (transgresiones, actos delictivos, etc&#xE9;tera) los motivos inconscientes de tales comportamientos y, de este modo, poder encontrar los medios para resolverlos y, con ellos, devolver al sujeto la conformidad social."</subfield>
  </datafield>
  <datafield tag="650" ind1=" " ind2="7">
    <subfield code="a">Psicolog&#xED;a del adolescente</subfield>
    <subfield code="2">lemb</subfield>
    <subfield code="9">31974</subfield>
  </datafield>
  <datafield tag="650" ind1=" " ind2=" ">
    <subfield code="a">Psicoan&#xE1;lisis del adolescente</subfield>
    <subfield code="9">51773</subfield>
  </datafield>
  <datafield tag="650" ind1=" " ind2=" ">
    <subfield code="a">Comportamiento social</subfield>
    <subfield code="9">4602</subfield>
  </datafield>
  <datafield tag="650" ind1=" " ind2=" ">
    <subfield code="a">Rehabilitacion de delincuentes juveniles</subfield>
    <subfield code="9">3794</subfield>
  </datafield>
  <datafield tag="650" ind1=" " ind2="7">
    <subfield code="a">Delincuencia juvenil</subfield>
    <subfield code="2">lemb</subfield>
    <subfield code="9">860112</subfield>
  </datafield>
  <datafield tag="700" ind1="1" ind2="0">
    <subfield code="a">Freud, Sigmund,</subfield>
    <subfield code="d">1856-1939</subfield>
    <subfield code="4">aui</subfield>
    <subfield code="0">(isni)0000000121272193</subfield>
    <subfield code="0">(viaf)34456780</subfield>
    <subfield code="e">aui</subfield>
    <subfield code="9">470250</subfield>
  </datafield>
  <datafield tag="700" ind1="1" ind2="0">
    <subfield code="a">Tizio, Hebe</subfield>
    <subfield code="4">aui</subfield>
    <subfield code="e">aui</subfield>
    <subfield code="9">346364</subfield>
  </datafield>
  <datafield tag="700" ind1="1" ind2="0">
    <subfield code="a">Eissler, Kurt Robert</subfield>
    <subfield code="4">aui</subfield>
    <subfield code="e">aui</subfield>
    <subfield code="9">530315</subfield>
  </datafield>
  <datafield tag="700" ind1="1" ind2="0">
    <subfield code="a">Portillo, R. del</subfield>
    <subfield code="4">trl</subfield>
    <subfield code="e">trl</subfield>
    <subfield code="9">631943</subfield>
  </datafield>
  <datafield tag="942" ind1=" " ind2=" ">
    <subfield code="c">BOOK</subfield>
  </datafield>
  <datafield tag="999" ind1=" " ind2=" ">
    <subfield code="c">768794</subfield>
    <subfield code="d">768794</subfield>
  </datafield>
  <datafield tag="952" ind1=" " ind2=" ">
    <subfield code="0">0</subfield>
    <subfield code="1">0</subfield>
    <subfield code="4">0</subfield>
    <subfield code="7">0</subfield>
    <subfield code="8">GEN</subfield>
    <subfield code="a">BC</subfield>
    <subfield code="b">BC</subfield>
    <subfield code="d">2017-08-23</subfield>
    <subfield code="e">Buscalibre</subfield>
    <subfield code="g">66852.00</subfield>
    <subfield code="i">C1266886</subfield>
    <subfield code="l">1</subfield>
    <subfield code="o">155.5 A288</subfield>
    <subfield code="p">1038121</subfield>
    <subfield code="r">2024-05-03 00:00:00</subfield>
    <subfield code="s">2023-09-07</subfield>
    <subfield code="t">1</subfield>
    <subfield code="w">2023-05-04</subfield>
    <subfield code="y">BOOK</subfield>
  </datafield>
</record>
